States with Rainforest - Statistics

General Stats
  • This quiz has been taken 58 times
  • The average score is 10 of 12
Answer Stats
% Correct
Florida
100%
Hawaii
94%
California
90%
Washington
88%
Georgia
86%
North Carolina
84%
Oregon
84%
South Carolina
82%
Virginia
76%
Kentucky
71%
Alaska
65%
Tennessee
63%
No matching quizzes found
Score Distribution
Percent of People with Each Score
Percentile by Number Answered
Your Score History
You have not taken this quiz